| 000 | 00504nam a2200181 a 4500 | ||
|---|---|---|---|
| 001 | BRCA_7260 | ||
| 005 | 20190320205754.0 | ||
| 008 | 260112s1922----gw-#######---#000-0#ger-# | ||
| 041 | _ager | ||
| 044 | _agw | ||
| 100 | 1 |
_aKrüger, Herman Anders _d1871-1945 _917978 |
|
| 245 | 1 | 0 |
_aSohn und Vater _bEine Jugendrechenschaft _cHerm. Anders Krüger |
| 260 |
_aBraunschweig und Hamburg _bG. Westermann _c1922 |
||
| 300 |
_a408 p. _bil., 2 retratos _c19 cm. |
||
| 500 | _aP21 | ||
| 902 | _aGFM | ||
| 942 |
_2lcc _cB |
||
| 999 |
_c6940 _d6940 |
||